Využitie počítačovej tomografie pri skenovaní multimateriálových súčiastok

Guardado en:
Detalles Bibliográficos
Autor principal: Švajčíková, Lívia (Autor)
Otros Autores: Kritikos, Michaela (Orientador)
Formato: Manuscrito Libro
Lenguaje:eslovaco
Publicado: 2025
Materias:
Acceso en línea:http://is.stuba.sk/zp/portal_zp.pl?podrobnosti=184632
Etiquetas: Agregar Etiqueta
Sin Etiquetas, Sea el primero en etiquetar este registro!

MARC

LEADER 00000ntm a22000003a 4500
001 stuzp105928
003 SK-STU
005 20250614214035.6
007 ta
008 150427s2015----xo-----f-mn---000-0-slo-d
040 |a STU  |b slo 
041 0 |a slo 
100 1 |a Švajčíková, Lívia  |u 063000  |4 aut  |U MTF Materiálovotechnologická fakulta  |T MTF Ústav výrobných technológií  |X 111836  |U M3000  |Y 83  |7 111836 
242 0 1 |a Computed tomography application in multimaterial parts scanning  |y eng 
245 1 0 |a Využitie počítačovej tomografie pri skenovaní multimateriálových súčiastok 
260 |c 2025 
650 4 |a X-ray curing  |2 eng 
650 4 |a computed tomography  |2 eng 
650 4 |a artefacts correction  |2 eng 
650 4 |a multi-material components  |2 eng 
650 4 |a korekcia artefaktov  |2 slo 
650 4 |a vytvrdzovanie röntgenového lúča  |2 slo 
650 4 |a multimateriálové súčiastky  |2 slo 
650 4 |a počítačová tomografia  |2 slo 
700 1 |a Kritikos, Michaela  |u 063200  |k Z1  |4 ths  |U MTF Ústav výrobných technológií  |T MTF Katedra obrábania a počítačovej podpory technológií  |X 37948  |U M3200  |Y 164  |7 37948 
856 4 |u http://is.stuba.sk/zp/portal_zp.pl?podrobnosti=184632 
996 |c M* DP-15651  |l MMSKP  |s P  |a 0  |w stuzp105928_0001